[Event "15. Obert Int. Sant Martí 2013 - B"]
[Site "Barcelona ESP"]
[Date "2013.07.18"]
[Round "6.7"]
[White "Masferrer Niubo, Enric"]
[Black "Espinosa Cebrian, Carlos"]
[Result "1/2-1/2"]
[WhiteElo "1961"]
[BlackElo "1861"]
[PlyCount "94"]
[EventDate "2013.07.13"]
[EventType "swiss"]
[EventRounds "9"]
[EventCountry "ESP"]
[SourceTitle "Ajedrez en Madrid"]
[Source "lmi"]
[SourceDate "2013.07.13"]
[SourceVersion "1"]
[SourceVersionDate "2019.06.21"]
[SourceQuality "1"]

1. e4 Nc6 2. Nc3 Nf6 3. d4 d6 4. Nf3 d5 5. e5 Ne4 6. Bd3 Bf5 7. O-O Nxc3 8.
bxc3 Bxd3 9. cxd3 e6 10. Qb3 Na5 11. Qa4+ c6 12. Bd2 b5 13. Qc2 Be7 14. c4 O-O
15. Rfc1 Ba3 16. Rcb1 dxc4 17. Bxa5 Qxa5 18. dxc4 Rfd8 19. Rb3 Bf8 20. Ng5 g6
21. Rh3 Rxd4 22. Nxh7 Bg7 23. Nf6+ Bxf6 24. exf6 bxc4 25. Rg3 Qf5 26. Qxf5 exf5
27. Rc3 Rad8 28. g3 R8d5 29. Rac1 Rc5 30. h4 f4 31. Kg2 fxg3 32. fxg3 Rd2+ 33.
Kh3 Rxa2 34. Rxc4 Rxc4 35. Rxc4 Ra6 36. Rc5 Kh7 37. Kg4 Rb6 38. Kf4 Kh6 39. Kg4
Rb4+ 40. Kh3 Rb5 41. Rxc6 g5 42. Rc7 gxh4 43. Kxh4 Kg6 44. Rxa7 Rb4+ 45. g4
Kxf6 46. Ra6+ Kg7 47. Ra5 Kg6 1/2-1/2

[Event "15. Obert Int. Sant Martí 2013 - B"]
[Site "Barcelona ESP"]
[Date "2013.07.18"]
[Round "6.8"]
[White "Pascual Gonzalez-Novelles, Carles"]
[Black "Blesa Fernandez, Francisco"]
[Result "0-1"]
[WhiteElo "1873"]
[BlackElo "1951"]
[PlyCount "72"]
[EventDate "2013.07.13"]
[EventType "swiss"]
[EventRounds "9"]
[EventCountry "ESP"]
[SourceTitle "Ajedrez en Madrid"]
[Source "lmi"]
[SourceDate "2013.07.13"]
[SourceVersion "1"]
[SourceVersionDate "2019.06.21"]
[SourceQuality "1"]

1. e4 e6 2. d4 d5 3. Nc3 Nf6 4. e5 Nfd7 5. f4 c5 6. Nf3 Nc6 7. Ne2 Be7 8. c3
cxd4 9. cxd4 Nb6 10. Nc3 Bd7 11. Be2 O-O 12. O-O f6 13. a3 Rc8 14. Bd3 f5 15.
Kh1 Be8 16. Ne2 Bh5 17. Qe1 Kh8 18. Bd2 Rg8 19. Qf2 a5 20. Ng5 Bxg5 21. fxg5
Bxe2 22. Bxe2 Nc4 23. Bxc4 dxc4 24. g6 Qxd4 25. Qe2 Qg4 26. Qxg4 fxg4 27. gxh7
Rgf8 28. Rae1 Nxe5 29. Bc3 Nd3 30. Rb1 a4 31. Kg1 Kxh7 32. Rxf8 Rxf8 33. Rf1
Rxf1+ 34. Kxf1 Kg6 35. Ke2 e5 36. Ke3 Kg5 0-1

[Event "15. Obert Int. Sant Martí 2013 - B"]
[Site "Barcelona ESP"]
[Date "2013.07.18"]
[Round "6.9"]
[White "Saiz Rodrigo, Josep Fernando"]
[Black "Ayza Casamitjana, Antoni"]
[Result "1-0"]
[WhiteElo "1950"]
[BlackElo "1860"]
[PlyCount "39"]
[EventDate "2013.07.13"]
[EventType "swiss"]
[EventRounds "9"]
[EventCountry "ESP"]
[SourceTitle "Ajedrez en Madrid"]
[Source "lmi"]
[SourceDate "2013.07.13"]
[SourceVersion "1"]
[SourceVersionDate "2019.06.21"]
[SourceQuality "1"]

1. e4 c5 2. Nc3 e6 3. Nf3 d5 4. exd5 exd5 5. Bb5+ Bd7 6. Qe2+ Be7 7. Nxd5 Bxb5
8. Qxb5+ Qd7 9. Nc7+ Kd8 10. Qxd7+ Nxd7 11. Nxa8 Ngf6 12. d3 Bd6 13. O-O Nd5
14. Bd2 N7f6 15. c4 Ne7 16. d4 cxd4 17. Nxd4 Kd7 18. Rad1 Rxa8 19. Nb5 Nf5 20.
Bf4 1-0

[Event "15. Obert Int. Sant Martí 2013 - B"]
[Site "Barcelona ESP"]
[Date "2013.07.18"]
[Round "6.10"]
[White "Tadevosyan, Galust"]
[Black "Perez Garcia, Jose Miguel"]
[Result "1/2-1/2"]
[WhiteElo "1732"]
[BlackElo "1950"]
[PlyCount "88"]
[EventDate "2013.07.13"]
[EventType "swiss"]
[EventRounds "9"]
[EventCountry "ESP"]
[SourceTitle "Ajedrez en Madrid"]
[Source "lmi"]
[SourceDate "2013.07.13"]
[SourceVersion "1"]
[SourceVersionDate "2019.06.21"]
[SourceQuality "1"]

1. e4 c5 2. Nf3 e6 3. d4 cxd4 4. Nxd4 a6 5. Bd3 Nf6 6. O-O Qc7 7. c4 b6 8. Nc3
Bb7 9. Kh1 Nc6 10. Nxc6 dxc6 11. Qe2 e5 12. a3 Bc5 13. Be3 Bxe3 14. Qxe3 O-O
15. Na4 Rad8 16. c5 b5 17. Nb6 Rd4 18. Rad1 Rfd8 19. Qe2 Qe7 20. b4 Nd7 21.
Nxd7 R8xd7 22. Bc2 Qd8 23. Rxd4 Rxd4 24. Rd1 Rxd1+ 25. Qxd1 Qxd1+ 26. Bxd1 Bc8
27. g3 Kf8 28. f4 f6 29. Kg2 Be6 30. Kf3 Ke7 31. a4 Bc4 32. a5 Be6 33. f5 Bf7
34. g4 h6 35. Kg3 Kf8 36. Be2 Ke7 37. h4 Be8 38. Bd3 Bf7 39. Bc2 Bc4 40. Kf3
Kf7 41. Ke3 g5 42. fxg6+ Kxg6 43. Bd1 Be6 44. Be2 Bd7 1/2-1/2

[Event "15. Obert Int. Sant Martí 2013 - B"]
[Site "Barcelona ESP"]
[Date "2013.07.18"]
[Round "6.11"]
[White "Riera Danes, Manel"]
[Black "Berstad, Joerund"]
[Result "1-0"]
[WhiteElo "1930"]
[BlackElo "1849"]
[PlyCount "65"]
[EventDate "2013.07.13"]
[EventType "swiss"]
[EventRounds "9"]
[EventCountry "ESP"]
[SourceTitle "Ajedrez en Madrid"]
[Source "lmi"]
[SourceDate "2013.07.13"]
[SourceVersion "1"]
[SourceVersionDate "2019.06.21"]
[SourceQuality "1"]

1. e4 c5 2. Nf3 d6 3. d4 cxd4 4. Nxd4 Nf6 5. Nc3 a6 6. Be2 e5 7. Nb3 Be7 8. O-O
Be6 9. Be3 Nbd7 10. f4 exf4 11. Bxf4 Ne5 12. h3 b5 13. Qd4 Nc6 14. Qe3 Ne5 15.
Bxe5 dxe5 16. Rad1 Qb8 17. Qf3 O-O 18. Nd5 Qa7+ 19. Kh1 Rac8 20. c3 Rfd8 21.
Na1 Bxd5 22. exd5 Qc5 23. Nb3 Qb6 24. Qf5 e4 25. Nd4 Rc5 26. Nc6 Bf8 27. Nxd8
Qxd8 28. Rf4 Bd6 29. Rff1 Bb8 30. g3 Bxg3 31. Rg1 Bb8 32. Qg5 Qf8 33. Qxf6 1-0

[Event "15. Obert Int. Sant Martí 2013 - B"]
[Site "Barcelona ESP"]
[Date "2013.07.18"]
[Round "6.12"]
[White "Lozano Diaz, Antoni"]
[Black "Diaz Nieto, Alberto"]
[Result "1/2-1/2"]
[WhiteElo "1846"]
[BlackElo "1918"]
[PlyCount "45"]
[EventDate "2013.07.13"]
[EventType "swiss"]
[EventRounds "9"]
[EventCountry "ESP"]
[SourceTitle "Ajedrez en Madrid"]
[Source "lmi"]
[SourceDate "2013.07.13"]
[SourceVersion "1"]
[SourceVersionDate "2019.06.21"]
[SourceQuality "1"]

1. e4 d5 2. exd5 Qxd5 3. Nc3 Qa5 4. d4 Nf6 5. Nf3 Bg4 6. h3 Bh5 7. g4 Bg6 8.
Ne5 c6 9. Nc4 Qc7 10. Qf3 e6 11. Bf4 Qd8 12. O-O-O Bb4 13. Bg2 Nd5 14. Nxd5
cxd5 15. Ne5 Be4 16. Qg3 Bxg2 17. Qxg2 Nc6 18. Qf1 Qb6 19. Nxc6 Qxc6 20. Qd3
Rc8 21. a3 Bd6 22. Bxd6 Qxd6 23. Qb5+ 1/2-1/2

[Event "15. Obert Int. Sant Martí 2013 - B"]
[Site "Barcelona ESP"]
[Date "2013.07.18"]
[Round "6.13"]
[White "Aprea, Daniele"]
[Black "Garrido Prats, Diego"]
[Result "1-0"]
[WhiteElo "1945"]
[BlackElo "1776"]
[PlyCount "107"]
[EventDate "2013.07.13"]
[EventType "swiss"]
[EventRounds "9"]
[EventCountry "ESP"]
[SourceTitle "Ajedrez en Madrid"]
[Source "lmi"]
[SourceDate "2013.07.13"]
[SourceVersion "1"]
[SourceVersionDate "2019.06.21"]
[SourceQuality "1"]

1. d4 Nf6 2. Nf3 d6 3. c4 g6 4. Nc3 Bg7 5. e4 O-O 6. Be2 e5 7. O-O Na6 8. d5
Nh5 9. Ne1 Nf4 10. Nd3 f5 11. Nxf4 exf4 12. exf5 Bxf5 13. Bxf4 Nb4 14. Qd2 Qd7
15. Bh6 Rae8 16. Bxg7 Qxg7 17. Rac1 Re7 18. a3 Na6 19. b4 Rd8 20. Rfe1 Nb8 21.
Nb5 Rde8 22. Nd4 Bd7 23. h3 Re4 24. Nf3 Rf8 25. Rc3 Rfe8 26. Bf1 Rxe1 27. Nxe1
Bf5 28. Nf3 Nd7 29. Re3 Ne5 30. Nxe5 Rxe5 31. g4 Bd7 32. Rxe5 Qxe5 33. Qe3 Qxe3
34. fxe3 g5 35. Kf2 Kf7 36. Bd3 h5 37. gxh5 Bxh3 38. h6 Bg4 39. Kg3 Bh5 40. Bf5
b6 41. c5 Kf6 42. cxd6 cxd6 43. e4 Be2 44. e5+ dxe5 45. d6 Bb5 46. d7 Bxd7 47.
Bxd7 Kg6 48. Kf3 Kxh6 49. Ke4 Kg6 50. Kxe5 a5 51. b5 Kf7 52. Kd6 Kf6 53. a4 Kf7
54. Bg4 1-0

[Event "15. Obert Int. Sant Martí 2013 - B"]
[Site "Barcelona ESP"]
[Date "2013.07.18"]
[Round "6.14"]
[White "Molano Lafuente, Ismael"]
[Black "Millan Hernandez, Marc"]
[Result "1-0"]
[WhiteElo "1943"]
[BlackElo "1806"]
[PlyCount "107"]
[EventDate "2013.07.13"]
[EventType "swiss"]
[EventRounds "9"]
[EventCountry "ESP"]
[SourceTitle "Ajedrez en Madrid"]
[Source "lmi"]
[SourceDate "2013.07.13"]
[SourceVersion "1"]
[SourceVersionDate "2019.06.21"]
[SourceQuality "1"]

1. f4 Nf6 2. Nf3 d5 3. e3 c5 4. d4 Nc6 5. c3 cxd4 6. exd4 Bg4 7. Be2 Bxf3 8.
Bxf3 e6 9. O-O Qb6 10. Qe2 g6 11. Be3 Bg7 12. Na3 O-O 13. g4 Rad8 14. Rf2 a6
15. h4 Ne4 16. Bxe4 dxe4 17. d5 Nd4 18. Bxd4 Bxd4 19. cxd4 exd5 20. Qe3 Rc8 21.
Rd1 Rc7 22. Nb1 Rfc8 23. Nc3 Qd6 24. f5 Qd7 25. Rdf1 Qd6 26. f6 Rd7 27. Qh6 Qf8
28. Qxf8+ Kxf8 29. Rd1 h6 30. g5 h5 31. Kf1 Rc4 32. Re2 Rd6 33. Ke1 b5 34. a3
Rd7 35. Na2 a5 36. Rc1 Ke8 37. Rxc4 bxc4 38. Kd1 Kd8 39. Kc2 Kc7 40. b3 Kb6 41.
bxc4 Rc7 42. c5+ Kb5 43. Kc3 Ka4 44. Rb2 Rd7 45. Nc1 Rc7 46. Ne2 Rd7 47. c6 Rc7
48. Rb6 Kxa3 49. Nf4 e3 50. Nxd5 e2 51. Kd2 a4 52. Nxc7 Ka2 53. Nd5 a3 54. Nc3+
1-0

[Event "15. Obert Int. Sant Martí 2013 - B"]
[Site "Barcelona ESP"]
[Date "2013.07.18"]
[Round "6.15"]
[White "Casset Bello, Elena"]
[Black "Delgado Lozano, Ignacio Maria"]
[Result "1/2-1/2"]
[WhiteElo "1908"]
[BlackElo "1765"]
[PlyCount "42"]
[EventDate "2013.07.13"]
[EventType "swiss"]
[EventRounds "9"]
[EventCountry "ESP"]
[SourceTitle "Ajedrez en Madrid"]
[Source "lmi"]
[SourceDate "2013.07.13"]
[SourceVersion "1"]
[SourceVersionDate "2019.06.21"]
[SourceQuality "1"]

1. d4 d5 2. c4 c6 3. Nf3 Nf6 4. cxd5 cxd5 5. Nc3 Nc6 6. Bf4 g6 7. e3 Bg7 8. Bd3
O-O 9. O-O Nh5 10. Bg3 Nxg3 11. hxg3 e5 12. dxe5 Nxe5 13. Nxe5 Bxe5 14. Rc1 Be6
15. Qe2 Qe7 16. a3 Rac8 17. Nb5 a6 18. Nd4 Rxc1 19. Rxc1 Rc8 20. Rxc8+ Bxc8 21.
Qc2 Qc7 1/2-1/2

[Event "15. Obert Int. Sant Martí 2013 - B"]
[Site "Barcelona ESP"]
[Date "2013.07.18"]
[Round "6.16"]
[White "Albert Estebanez, Carles"]
[Black "Esteban Bruguera, German"]
[Result "1-0"]
[WhiteElo "1734"]
[BlackElo "1896"]
[PlyCount "77"]
[EventDate "2013.07.13"]
[EventType "swiss"]
[EventRounds "9"]
[EventCountry "ESP"]
[SourceTitle "Ajedrez en Madrid"]
[Source "lmi"]
[SourceDate "2013.07.13"]
[SourceVersion "1"]
[SourceVersionDate "2019.06.21"]
[SourceQuality "1"]

1. e4 c6 2. d4 d5 3. Nc3 dxe4 4. Nxe4 Nd7 5. Nf3 Ndf6 6. Ng3 Bg4 7. Be2 e6 8.
O-O Bd6 9. Ne5 Bxe2 10. Qxe2 Ne7 11. Bg5 O-O 12. Bxf6 gxf6 13. Ng4 Ng6 14. Nh5
Be7 15. c3 f5 16. Ne5 Bd6 17. Qe3 Bxe5 18. dxe5 f4 19. Nxf4 Qg5 20. Nxg6 Qxg6
21. Rad1 Kh8 22. Rd7 Rg8 23. Qf3 Rg7 24. Rxb7 Rd8 25. Qxc6 h5 26. Qf3 Rd3 27.
Rb8+ Kh7 28. Qa8 Kh6 29. Rh8+ Kg5 30. Rd8 Rxd8 31. Qxd8+ Kh6 32. Qd2+ Kh7 33.
g3 Qf5 34. Rd1 Qxe5 35. Qd4 Qa5 36. Qd3+ f5 37. Qf3 Kh6 38. Qe3+ Kh7 39. Qxe6
1-0

[Event "15. Obert Int. Sant Martí 2013 - B"]
[Site "Barcelona ESP"]
[Date "2013.07.18"]
[Round "6.17"]
[White "Colom Andres, Xavier"]
[Black "Riu Lopez, Daniel"]
[Result "1-0"]
[WhiteElo "1876"]
[BlackElo "1691"]
[PlyCount "67"]
[EventDate "2013.07.13"]
[EventType "swiss"]
[EventRounds "9"]
[EventCountry "ESP"]
[SourceTitle "Ajedrez en Madrid"]
[Source "lmi"]
[SourceDate "2013.07.13"]
[SourceVersion "1"]
[SourceVersionDate "2019.06.21"]
[SourceQuality "1"]

1. d4 d5 2. c4 e6 3. Nc3 Nf6 4. Bg5 Nbd7 5. e3 c6 6. Nf3 Qa5 7. Nd2 Bb4 8. Qc2
O-O 9. Bd3 dxc4 10. Bxh7+ Nxh7 11. Bh4 Bxc3 12. bxc3 Qh5 13. Bg3 b5 14. a4 Nb6
15. a5 Na4 16. Nxc4 Qd5 17. Ne5 Qxg2 18. Ke2 Bb7 19. Rhg1 Qd5 20. e4 Qd8 21.
Bf4 Qf6 22. Rg4 Qd8 23. Rag1 g6 24. Nxg6 fxg6 25. e5 Kh8 26. Rxg6 Rxf4 27. Rg7
Rh4 28. Rxb7 Qf8 29. Qg6 Rxh2 30. Rf7 Qg8 31. Rg7 Qf8 32. Rf7 Qh6 33. Rxh7+
Qxh7 34. Qf6+ 1-0

[Event "15. Obert Int. Sant Martí 2013 - B"]
[Site "Barcelona ESP"]
[Date "2013.07.18"]
[Round "6.18"]
[White "Torrents Senal, Marc"]
[Black "Julia Yebra, David"]
[Result "1/2-1/2"]
[WhiteElo "1829"]
[BlackElo "1873"]
[PlyCount "69"]
[EventDate "2013.07.13"]
[EventType "swiss"]
[EventRounds "9"]
[EventCountry "ESP"]
[SourceTitle "Ajedrez en Madrid"]
[Source "lmi"]
[SourceDate "2013.07.13"]
[SourceVersion "1"]
[SourceVersionDate "2019.06.21"]
[SourceQuality "1"]

1. d4 d6 2. c4 Nf6 3. Nc3 c6 4. Nf3 Qa5 5. e3 e5 6. Qc2 Be7 7. Bd3 Bg4 8. Nd2
Na6 9. Nb3 Qd8 10. d5 Nb4 11. Qb1 cxd5 12. cxd5 Nfxd5 13. Nxd5 Nxd5 14. Bxh7
Qb6 15. Bd3 Nb4 16. e4 d5 17. O-O Qf6 18. f3 Qh4 19. fxg4 Qxh2+ 20. Kf2 Bh4+
21. Ke2 Qxg2+ 22. Kd1 dxe4 23. Bb5+ Ke7 24. Be3 b6 25. Be2 Rhd8+ 26. Nd2 Rac8
27. Rg1 Nd5 28. Bg5+ Bxg5 29. Rxg2 Ne3+ 30. Ke1 Nxg2+ 31. Kf2 e3+ 32. Kxg2 Rxd2
33. Kf1 Rc6 34. Qe4 Rf6+ 35. Kg1 1/2-1/2

[Event "15. Obert Int. Sant Martí 2013 - B"]
[Site "Barcelona ESP"]
[Date "2013.07.18"]
[Round "6.19"]
[White "Llados Clos, Jaume"]
[Black "Alfara Ayllon, Jose Luis"]
[Result "0-1"]
[WhiteElo "1568"]
[BlackElo "1940"]
[PlyCount "114"]
[EventDate "2013.07.13"]
[EventType "swiss"]
[EventRounds "9"]
[EventCountry "ESP"]
[SourceTitle "Ajedrez en Madrid"]
[Source "lmi"]
[SourceDate "2013.07.13"]
[SourceVersion "1"]
[SourceVersionDate "2019.06.21"]
[SourceQuality "1"]

1. e4 c5 2. Nc3 d6 3. f4 g6 4. Nf3 Bg7 5. Bc4 e6 6. O-O Nc6 7. d3 Nge7 8. Qe1
Bd7 9. Nb5 Nc8 10. f5 a6 11. Nc3 Nd4 12. Nxd4 cxd4 13. Nd1 O-O 14. fxg6 hxg6
15. Qg3 b5 16. Bb3 a5 17. a3 Qc7 18. Rf2 Qc5 19. Bg5 Bc6 20. Qh4 d5 21. Bf6 Nd6
22. Bxg7 Kxg7 23. Qf6+ Kg8 24. Rf3 Ne8 25. Qg5 Kg7 26. Qe5+ f6 27. Qxe6 dxe4
28. Rg3 Ra7 29. Qg4 g5 30. h4 Bd7 31. Qh5 Rh8 32. Qf7+ Kh6 33. hxg5+ fxg5 34.
Be6 Bxe6 35. Qxe6+ Kg7 36. Qxe4 Nf6 37. Qe2 Re7 38. Rxg5+ Qxg5 39. Qxe7+ Kg6
40. Qe2 Re8 41. Qf1 Ng4 42. Nf2 Rf8 43. Qe2 Rxf2 44. Qe8+ Kh7 45. Qe4+ Kh6 46.
Qe6+ Rf6 47. Qc8 Qf4 48. Qh8+ Kg5 49. Qg7+ Kh5 50. Qh8+ Kg5 51. Qg7+ Rg6 52.
Qe7+ Kh5 53. Qc5+ Rg5 54. Qe7 Qh2+ 55. Kf1 Ne3+ 56. Kf2 Qxg2+ 57. Ke1 Qf1+ 0-1

[Event "15. Obert Int. Sant Martí 2013 - B"]
[Site "Barcelona ESP"]
[Date "2013.07.18"]
[Round "6.20"]
[White "Fernandez Martin, Javier"]
[Black "Ferres Saez, Joan"]
[Result "1-0"]
[WhiteElo "1962"]
[BlackElo "1752"]
[PlyCount "51"]
[EventDate "2013.07.13"]
[EventType "swiss"]
[EventRounds "9"]
[EventCountry "ESP"]
[SourceTitle "Ajedrez en Madrid"]
[Source "lmi"]
[SourceDate "2013.07.13"]
[SourceVersion "1"]
[SourceVersionDate "2019.06.21"]
[SourceQuality "1"]

1. e4 g6 2. d4 Bg7 3. Nc3 a6 4. Be3 d6 5. Qd2 b5 6. f3 Nd7 7. O-O-O Nb6 8. Bd3
Be6 9. d5 Bd7 10. Nce2 c5 11. dxc6 Bxc6 12. Nd4 Bd7 13. Nge2 Rc8 14. g4 Qc7 15.
Qa5 Qb7 16. Nxb5 Nc4 17. Bxc4 Rxc4 18. Nbc3 Rb4 19. b3 Qb8 20. Bd4 e5 21. Ba7
Bh6+ 22. Kb2 Qb7 23. Rxd6 Bf8 24. Rxa6 Bb5 25. Rb6 Qd7 26. Rb8+ 1-0

[Event "15. Obert Int. Sant Martí 2013 - B"]
[Site "Barcelona ESP"]
[Date "2013.07.18"]
[Round "6.21"]
[White "Martinez Hernandez, Emili"]
[Black "Jimenez Martinez, Javier"]
[Result "1-0"]
[WhiteElo "1756"]
[BlackElo "1943"]
[PlyCount "121"]
[EventDate "2013.07.13"]
[EventType "swiss"]
[EventRounds "9"]
[EventCountry "ESP"]
[SourceTitle "Ajedrez en Madrid"]
[Source "lmi"]
[SourceDate "2013.07.13"]
[SourceVersion "1"]
[SourceVersionDate "2019.06.21"]
[SourceQuality "1"]

1. d4 Nf6 2. Nc3 g6 3. e4 d6 4. Nf3 Bg7 5. Bg5 c6 6. Qd2 b5 7. Bd3 O-O 8. Bh6
Nbd7 9. e5 dxe5 10. dxe5 Ng4 11. Bxg7 Kxg7 12. Qe2 Qc7 13. e6 fxe6 14. Ng5 Nde5
15. f3 Nxd3+ 16. Qxd3 Qe5+ 17. Nge4 Nf6 18. O-O-O b4 19. Na4 Nxe4 20. Qxe4 Qb5
21. b3 e5 22. Rhe1 Rf5 23. g4 Rf4 24. Qxe5+ Qxe5 25. Rxe5 Rxf3 26. Rxe7+ Rf7
27. Re4 a5 28. Nb6 Rb8 29. Nc4 Rf2 30. h4 h5 31. Ne3 hxg4 32. Nxg4 Rf7 33. Ne3
Ba6 34. Rd6 Rbf8 35. Re5 Bb5 36. h5 gxh5 37. Rxh5 Re8 38. Nf5+ Rxf5 39. Rxf5
Re1+ 40. Kb2 Re2 41. Rxb5 cxb5 42. Rd5 Re6 43. Rxb5 Ra6 44. a3 bxa3+ 45. Kxa3
Kf7 46. Ka4 Ke7 47. Rxa5 Rh6 48. Ra7+ Kd8 49. c4 Kc8 50. b4 Kb8 51. Rf7 Rg6 52.
Ka5 Rh6 53. c5 Rc6 54. Kb5 Rh6 55. c6 Rh4 56. Ka5 Ka8 57. b5 Rh8 58. Ka6 Rc8
59. b6 Rh8 60. Ra7+ Kb8 61. c7+ 1-0

[Event "15. Obert Int. Sant Martí 2013 - B"]
[Site "Barcelona ESP"]
[Date "2013.07.18"]
[Round "6.22"]
[White "Aparicio Escudero, Hector F."]
[Black "Beaskoa Estany, Gabriel"]
[Result "0-1"]
[WhiteElo "1747"]
[BlackElo "1930"]
[PlyCount "78"]
[EventDate "2013.07.13"]
[EventType "swiss"]
[EventRounds "9"]
[EventCountry "ESP"]
[SourceTitle "Ajedrez en Madrid"]
[Source "lmi"]
[SourceDate "2013.07.13"]
[SourceVersion "1"]
[SourceVersionDate "2019.06.21"]
[SourceQuality "1"]

1. Nf3 d5 2. g3 c6 3. Bg2 Nf6 4. O-O Bg4 5. d4 Nbd7 6. c3 e6 7. Bf4 Be7 8. Qb3
Qb6 9. Qxb6 axb6 10. Re1 O-O 11. Ne5 Bf5 12. Nxd7 Nxd7 13. Nd2 g5 14. Be3 b5
15. a3 Nb6 16. Nf3 f6 17. Bc1 Kf7 18. e4 Bxe4 19. Nd2 Bxg2 20. Kxg2 Bd6 21. Nb3
h5 22. Nc5 Bxc5 23. dxc5 Nd7 24. b4 b6 25. cxb6 Nxb6 26. Ra2 Nc4 27. Rae2 Rfe8
28. Ra2 e5 29. h3 Ra4 30. f4 gxf4 31. gxf4 Rg8+ 32. Kh2 e4 33. f5 Raa8 34. Rg1
Rxg1 35. Kxg1 Ne5 36. Kf1 Nf3 37. Be3 Nh4 38. Bc1 Nxf5 39. Rf2 Nh4 0-1

[Event "15. Obert Int. Sant Martí 2013 - B"]
[Site "Barcelona ESP"]
[Date "2013.07.18"]
[Round "6.23"]
[White "Garcia Punzano, Josep Lluis"]
[Black "Torres Maiquez, Sergio"]
[Result "0-1"]
[WhiteElo "1744"]
[BlackElo "1908"]
[PlyCount "50"]
[EventDate "2013.07.13"]
[EventType "swiss"]
[EventRounds "9"]
[EventCountry "ESP"]
[SourceTitle "Ajedrez en Madrid"]
[Source "lmi"]
[SourceDate "2013.07.13"]
[SourceVersion "1"]
[SourceVersionDate "2019.06.21"]
[SourceQuality "1"]

1. d4 Nf6 2. Nf3 e6 3. Bf4 b6 4. e3 Bb7 5. Nbd2 Be7 6. Bd3 c5 7. c3 d6 8. h3
Nc6 9. O-O O-O 10. Qc2 Rc8 11. dxc5 bxc5 12. Rad1 d5 13. Qa4 Qb6 14. b3 Nd7 15.
Bg3 Bf6 16. Qg4 Bxc3 17. Qh5 Nf6 18. Qh4 Ba6 19. Bxa6 Qxa6 20. Bd6 Rfd8 21.
Bxc5 Qxa2 22. b4 Rb8 23. Qf4 Rb5 24. Qc7 Qa6 25. Ne5 Bxe5 0-1

[Event "15. Obert Int. Sant Martí 2013 - B"]
[Site "Barcelona ESP"]
[Date "2013.07.18"]
[Round "6.24"]
[White "Muratet Casadevall, Jordi"]
[Black "Gisbert Mir, Alejandro"]
[Result "0-1"]
[WhiteElo "1734"]
[BlackElo "1852"]
[PlyCount "110"]
[EventDate "2013.07.13"]
[EventType "swiss"]
[EventRounds "9"]
[EventCountry "ESP"]
[SourceTitle "Ajedrez en Madrid"]
[Source "lmi"]
[SourceDate "2013.07.13"]
[SourceVersion "1"]
[SourceVersionDate "2019.06.21"]
[SourceQuality "1"]

1. e4 c5 2. Nf3 d6 3. Bb5+ Bd7 4. Bxd7+ Qxd7 5. c3 Nf6 6. d3 Nc6 7. Bg5 e6 8.
Bxf6 gxf6 9. Nbd2 Bh6 10. Nf1 Rg8 11. Ng3 O-O-O 12. O-O d5 13. Qc2 Kb8 14. a3
Ne5 15. Nxe5 fxe5 16. Rfe1 Bf4 17. Nh5 Rg6 18. Nxf4 exf4 19. f3 dxe4 20. dxe4
Qd2 21. Re2 Qxc2 22. Rxc2 e5 23. Re1 Rd3 24. Kh1 Rgd6 25. h3 c4 26. Kg1 Kc7 27.
Rb1 Rd1+ 28. Rxd1 Rxd1+ 29. Kh2 Rd3 30. h4 h5 31. Kg1 Kd6 32. Kf2 Ke6 33. Ke1
f5 34. Rd2 fxe4 35. fxe4 Re3+ 36. Re2 Rg3 37. Rf2 Rg4 38. Rd2 Rxh4 39. Rd8 Rh1+
40. Kf2 Rb1 41. Re8+ Kd6 42. Rd8+ Ke7 43. Rh8 Rxb2+ 44. Kg1 Rb3 45. Rxh5 Rxc3
46. Rxe5+ Kd6 47. Rf5 Rxa3 48. Rxf4 Ke5 49. Rf7 Kxe4 50. Rxb7 c3 51. Rc7 Kd3
52. Rd7+ Kc2 53. Kf2 Kb2 54. g4 c2 55. Rd2 Kb1 0-1

[Event "15. Obert Int. Sant Martí 2013 - B"]
[Site "Barcelona ESP"]
[Date "2013.07.18"]
[Round "6.25"]
[White "Minos Constante, Pablo"]
[Black "Abascal Vicente, Ignacio"]
[Result "1/2-1/2"]
[WhiteElo "1850"]
[BlackElo "1715"]
[PlyCount "50"]
[EventDate "2013.07.13"]
[EventType "swiss"]
[EventRounds "9"]
[EventCountry "ESP"]
[SourceTitle "Ajedrez en Madrid"]
[Source "lmi"]
[SourceDate "2013.07.13"]
[SourceVersion "1"]
[SourceVersionDate "2019.06.21"]
[SourceQuality "1"]

1. e4 e5 2. Nf3 Nc6 3. Bb5 a6 4. Ba4 Nf6 5. d3 b5 6. Bb3 d6 7. c3 Be7 8. O-O
Na5 9. Bc2 c5 10. Re1 O-O 11. Nbd2 Re8 12. Nf1 Nc6 13. d4 exd4 14. cxd4 Bb7 15.
Ng3 g6 16. Bg5 Nd7 17. Bf4 Bf8 18. a4 b4 19. Bb3 Na5 20. Bxf7+ Kxf7 21. Ng5+
Kg8 22. d5 Qf6 23. Bc1 h6 24. Ne6 Rxe6 25. dxe6 Qxe6 1/2-1/2

[Event "15. Obert Int. Sant Martí 2013 - B"]
[Site "Barcelona ESP"]
[Date "2013.07.18"]
[Round "6.26"]
[White "Santiago Llanes, Jose Juan"]
[Black "De La Fuente Clemente, Constantino"]
[Result "0-1"]
[WhiteElo "1741"]
[BlackElo "1850"]
[PlyCount "102"]
[EventDate "2013.07.13"]
[EventType "swiss"]
[EventRounds "9"]
[EventCountry "ESP"]
[SourceTitle "Ajedrez en Madrid"]
[Source "lmi"]
[SourceDate "2013.07.13"]
[SourceVersion "1"]
[SourceVersionDate "2019.06.21"]
[SourceQuality "1"]

1. d4 Nf6 2. Bf4 g6 3. e3 Bg7 4. Nf3 O-O 5. Be2 c5 6. c3 Qb6 7. Qb3 Qa5 8. Nbd2
cxd4 9. Nc4 Qd5 10. cxd4 d6 11. O-O Bg4 12. h3 Bd7 13. Bg5 Bc6 14. Ncd2 Qf5 15.
Bd3 Qa5 16. e4 Nbd7 17. Rfe1 Rac8 18. Rac1 e6 19. Nc4 Qc7 20. Qa3 d5 21. Nd6
Rb8 22. e5 Nh5 23. Be7 Bh6 24. Rc2 Nb6 25. Bxf8 Bxf8 26. b3 a6 27. Qc1 f5 28.
Bxa6 Bxd6 29. exd6 Qxd6 30. Ne5 Be8 31. Bf1 Nf6 32. Qh6 Nbd7 33. Bb5 Qb4 34.
Rce2 Qxb5 35. Nxd7 Bxd7 36. Qf4 Re8 37. Qe5 Kf7 38. g4 Ne4 39. f3 Ng5 40. Re3
Qb4 41. Kg2 Bb5 42. Kg3 Qd2 43. h4 Ne4+ 44. fxe4 Bf1 45. Rxf1 Qxe3+ 46. Rf3
Qe1+ 47. Kf4 Qxh4 48. Rg3 g5+ 49. Kf3 Qh1+ 50. Kf2 f4 51. Rg2 Rc8 0-1